Romania Squad Euro 2024 - Statistics

General Stats
  • This quiz has been taken 88 times
    78 since last reset
  • The average score is 14 of 26
Answer Stats
Club Position Answer % Correct
Gaziantep FW Denis Dragus
99%
Tottenham DF Radu Dragusin
97%
Parma MF Dennis Man
82%
Damac MF Nicolae Stanciu
78%
Alaves MF Ianis Hagi
76%
Pisa MF Marius Marin
71%
Empoli MF Razvan Marin
71%
Gaziantep GK Florin Nita
65%
Rayo Vallecano DF Andrei Ratiu
62%
Atletico Madrid GK Horatiu Moldovan
62%
FCSB MF Florinel Coman
57%
Pafos DF Adrian Rus
47%
Bari FW George Puscas
46%
Al-Okhdood DF Andrei Burca
44%
Rakow Czestochowa DF Bogdan Racovitan
44%
Parma MF Valentin Mihaila
43%
Muaither FW Denis Alibec
38%
Universitatea Craiova DF Nicusor Bancu
35%
Gaziantep MF Deian Sorescu
34%
FCSB GK Stefan Tarnovanu
32%
FCSB MF Adrian Sut
29%
Konyaspor MF Alexandru Cicaldau
29%
FCSB MF Darius Olaru
29%
CFR Cluj FW Daniel Birligea
28%
Palermo DF Ionut Nedelcearu
28%
CFR Cluj DF Vasile Mogos
28%
No matching quizzes found
Score Distribution
Percent of People with Each Score
Percentile by Number Answered
Your Score History
You have not taken this quiz since the last reset